000 00329nam a2200133Ia 4500
005 20260328104323.0
008 260328s9999||||xx |||||||||||||| ||und||
100 _aZabalbeascoa, Anatxu
245 0 _aMinimalismos /
_cAnatxu Zabalbeascoa
260 _bGustavo Gili
300 _a144 p.
650 _aCASAS DE CAMPO
942 _cBK
999 _c11410
_d11410